Business Policy Text and Cases
Na minha lista:
| Autor principal: | |
|---|---|
| Outros Autores: | , |
| Formato: | Livro |
| Idioma: | inglês |
| Publicado em: |
Homewood
Irwin
1987
|
| Edição: | 6. ed. |
| Assuntos: | |
| Tags: |
Sem tags, seja o primeiro a adicionar uma tag!
|
MARC
| LEADER | 00000nam a2200000 4500 | ||
|---|---|---|---|
| 001 | c000367 | ||
| 005 | 20230227124000.0 | ||
| 020 | |a 0-256-03358-7 | ||
| 041 | 0 | |a eng | |
| 044 | |a US | ||
| 245 | 1 | 0 | |a Business Policy |b Text and Cases |c Roland C. Christensen, Kenneth R. Andrews, Joseph L. Bower |
| 250 | |a 6. ed. | ||
| 264 | 1 | |a Homewood |b Irwin |c 1987 | |
| 300 | |a 940 s. | ||
| 610 | 2 | 0 | |a politika podniková |
| 610 | 2 | 0 | |a podnik |
| 610 | 2 | 0 | |a USA |
| 610 | 2 | 0 | |a štúdie prípadové |
| 610 | 2 | 0 | |a manažment |
| 610 | 2 | 0 | |a riadenie podnikové |
| 610 | 2 | 0 | |a stratégia podniková |
| 610 | 2 | 0 | |a korporácie |
| 610 | 2 | 0 | |a riadenie strategické |
| 610 | 2 | 0 | |a pracovníci riadiaci |
| 100 | 1 | |a Christensen, Roland C. | |
| 700 | 1 | |a Andrews, Kenneth R. | |
| 700 | 1 | |a Bower, Joseph L. | |